Quizzes
Events
Quiz Creation
Community
Videos
Private Events
Remove Ads
Sign In
Join for FREE
Feedback
Dark Mode
Quiz Categories
Sports
Geography
Music
Movies
Television
Just For Fun
Miscellaneous
History
Literature
Language
Science
Gaming
Entertainment
Religion
Holiday
For Kids
Quiz Lab
Recent
Popular Today
Quiz Kudos Today
Editor Picks
Curator Picks
Quizzes by...
Day
Popularity
Type
Ratings
Length
Year
Community
Subscriptions
Recent Discussions
Orange Saloon
Badges
Playlists
Quests
Create
Leaderboards
Showdown
Live 5
Trivia Bingo
Activity
Puzzle Library
Sporcle Events
Private Events
Virtual Trivia
Globe League
Become a Host
Pub Owners
SporcleCon
Opinionation
Our Games
Videos
Blog
Mobile Apps
Partnerships
Remove Ads and Go Orange
Feedback
Sports
Athletes
MLB
NBA
NHL
NFL
Soccer
Sports Teams
WWE
NCAA
Football
Premier League
Basketball
Baseball
Hockey
Golf
Tennis
Cricket
Rugby
Auto Racing
Olympics
World Cup
Sports
Athletes
MLB
NBA
NHL
NFL
Soccer
Sports Teams
WWE
NCAA
Football
Premier League
Basketball
Baseball
Hockey
Golf
Tennis
Cricket
Rugby
Auto Racing
Olympics
World Cup
Random Quiz
Search Sporcle
×
Quiz Lab
Quiz Lab
Sports
Hockey
Type in answers that appear in a list
Type in answers that appear in a list
Classic
Best Score? Go Orange.
2008-09 Top 40 OHL Scorers Stats
Can you name the top 40 scorers in the Ontario Hockey League (OHL) for the 2008-09 Season?
By
weasel19
8m
40 Questions
95 Plays
95 Plays
95 Plays
Comments
Comments
Give Quiz Kudos
Give Quiz Kudos
-
- Ratings
hide this ad
More Info
Replay
Link that replays current quiz
Next Quiz
Link to next quiz in quiz playlist
You Got
0%
They Got
Avg Score
21%
Avg Friend Score
Upgrade to see
Score Distribution
Jump to the score distribution portion of the page
Score
0/40
Timer
08:00
0
Plays Today
Points
Player
% Correct
104
John Tavares
86.3%
90
Taylor Hall
84.2%
*67*
Tyler Seguin
76.8%
79
Matt Duchene
57.9%
78
Nazem Kadri
57.9%
92
Cody Hodgson
50.5%
89
Ryan Ellis
49.5%
76
P.K. Subban
31.6%
77
Greg Nemisz
27.4%
*80*
Evgeny Grachev
26.3%
87
Logan Couture
24.2%
81
Bryan Cameron
23.2%
94
Chris Terry
20%
67
Peter Holland
20%
81
Joey Hishon
16.8%
66
Ryan O'Reilly
14.7%
68
Dale Mitchell
13.7%
65
Matt Martin
13.7%
93
Justin DiBenedetto
12.6%
88
Eric Tangradi
12.6%
Points
Player
% Correct
72
Nathan Moon
12.6%
72
Luke Pither
12.6%
73
Scott Timmins
11.6%
67
Justin Taylor
11.6%
*76*
John Carlson
10.5%
73
Matt Kennedy
9.5%
68
Alex Hutchings
9.5%
76
Brett Parnham
8.4%
*66*
Andrei Loktionov
8.4%
85
Chris MacKinnon
7.4%
69
Anthony Nigro
7.4%
92
Matt Caria
6.3%
75
Jack Combs
6.3%
76
Chris Chappell
4.2%
68
Jamie Arniel
4.2%
69
Tony Romano
3.2%
67
Rob Kwiet
2.1%
66
Justin Hodgman
2.1%
66
Matt Dias
2.1%
65
Thomas Kiriakou
2.1%
Quiz Playlist
Details
Report
Send in Message
Add To Playlist
More Info:
* Indicates a trade to that team at some point throughout the season. *#* = Rookie
Classic:
Type in answers that appear in a list
Quiz Source
Last Updated: Feb 16, 2017
Quiz Scoreboard
CHALLENGE
Sign Up to Join the Scoreboard
Show All
Scores
Hide
Comments
May contain spoilers
Recently Published
9x9 Crossword: Cartoon Network
by jackfrog10
Miscellaneous
3m
College Basketball Coaching Resumes
by pancakes188
Sports
9m
Billboard Blitz: Fleetwood Mac
by CooCooCachoo
Music
15s
More to Explore
Quiz From the Vault
Featured Blog Post
Where Did the Easter Bunny Come From?
hide this ad
You Might Also Like...
Tags
Hockey Quiz
2008-2009
League
ohl
ontario
Player
point
Scorer
season
team
Today's Top Quizzes in Sports
Browse Sports
hide this ad
Today's Top Quizzes in Hockey
Browse Hockey
Top Contributed Quizzes in Sports
1
2022 World Cup Stars
2
Les meilleurs buteurs des matchs entre le PSG et l’OM
3
FIFA Club World Cup Champions
4
Les entraîneurs de l'OM et du PSG au 21e siècle
5
Criteria MLB: Left Handed Sluggers
6
2023 MLB Unique Player Accomplishments
7
AFC Teams Reveal (Wrong Answers Minefield)
8
Players with Multiple 50 Home Run Seasons
9
5-to-1: FBS Animal Nicknames
10
5-to-1: UK Sports Teams
Explore More
Trending Topics
Marvel
Disney
Crossword
Anime
Kpop
NBA
Harry Potter
WWE
Soccer
Country
The Office
NFL
Puzzle
Song
Pokémon
hide this ad
More By:
weasel19
Quiz
Plays
Rating
Category
Featured
Created
Anatomy Directional Terms
16,116
4.75
Science
Feb 8, 2010
Anatomy Movement Terms
4,712
3.00
Science
Feb 8, 2010
2009-10 Detroit Red Wings Roster
1,150
5.00
Sports
Dec 22, 2009
Synovial Joint Structures
420
4.00
Science
Apr 13, 2010
Anatomy Types of Human Bones
406
3.00
Science
Mar 9, 2010
Go to Creator's Profile
Score Distribution
Quiz Creator Spotlight
weasel19
Follow
Send a Message
Quizzes Created
-
Created Quiz Play Count
-
More By This Creator
Popular Quizzes Today
1
Find the US States - No Outlines Minefield
2
Find the Countries of Europe - No Outlines Minefield
3
The Countries of the World
4
Find the US States
5
Risky Map Clicking: Biggest States A-Z
6
US States
7
Popular People in 1961
8
Movies - When Are They Set?
More Sports Quizzes
NCAA Top 10 by Category
Quiz Lab
Trending Quizzes
Risky Map Clicking: Least Populous States A-Z
1-10 Letter G Words
Risky Map Clicking: Next State Alphabetically
Adjectives in 80s TV Shows
Risky Map Clicking: Biggest States A-Z
Recently Updated
Leaping Animals
pecheneg
Reality TV Shows (A-Z)
bhenderson79
Rickey Henderson's Hall of Fame Teammates
pecheneg
Champions League XIs: Arsenal
pecheneg
Quick Pick: Celebrities in WWE's Hall of Fame
aduchscher
A-Z Keypad Blitz II
pecheneg
Multiple Oscar Actors
pecheneg
Mystery Phrase Blitz: Oscar 'Best Actors'
pecheneg
F. Scott Fitzgerald Novels
LTH
Pick 3 Villains
ddd62291
Trending Topics
NBA
Disney
Anime
Crossword
Harry Potter
Marvel
Kpop
Song
Country
Pokémon
Puzzle
NFL
WWE
The Office
Soccer
Your Account Isn't Verified!
In order to create a playlist on Sporcle, you need to verify the email address you used during registration. Go to your
Sporcle Settings
to finish the process.
Report this User
Report this user for behavior that violates our
Community Guidelines
.
Details:
Send Report
Go to the Sporcle.com Mobile Site →
Comments